Fluides hétérogènes et réactifs: écoulements et transferts.

Bibliographic Details
Corporate Author: SpringerLink (Online service)
Other Authors: Prud'homme, Roger
Format: eBook
Language:English
Published: Berlin [u.a.] : Springer, 1988.
Series:Lecture notes in physics ; 304.
Subjects:
Online Access:Connect to the full text of this electronic book

MARC

Tag First Indicator Second Indicator Subfields
LEADER 00000cmm a2200000Mc 4500
001 in00003555713
006 m o d
007 cr |||||||||||
008 101112s1988 xx o u eng d
005 20260421174550.2
020 |a 9783540193272 
020 |a 3540193278 
020 |a 9783540391913 
020 |a 3540391916 
024 7 |a 10.1007/BFb0036210  |2 doi 
035 |a (OCoLC)838103734 
040 |a GBVCP  |b ger  |e rakwb  |c GBVCP  |d DEBBG  |d UtOrBLW 
049 |a TXAM 
245 0 0 |a Fluides hétérogènes et réactifs: écoulements et transferts. 
264 1 |a Berlin [u.a.] :  |b Springer,  |c 1988. 
300 |a 1 online resource.  
336 |a text  |b txt  |2 rdacontent 
337 |a computer  |b c  |2 rdamedia 
338 |a online resource  |b cr  |2 rdacarrier 
490 1 |a Lecture notes in physics,  |v 304 
500 |a Electronic resource. 
655 7 |a Electronic books.  |2 local 
700 1 |a Prud'homme, Roger. 
710 2 |a SpringerLink (Online service) 
776 1 |z 9783540391913 
830 0 |a Lecture notes in physics ;  |v 304. 
856 4 0 |u http://proxy.library.tamu.edu/login?url=https://link.springer.com/10.1007/3-540-19327-8  |z Connect to the full text of this electronic book  |t 0 
994 |a 92  |b TXA 
999 |a MARS 
999 f f |s cd3c4c49-cd7d-3df5-8f27-5e54789b4fce  |i 0f910a44-dc83-3bd1-b40a-cdd8a932e657  |t 0 
952 f f |a Texas A&M University  |b College Station  |c Electronic Resources  |s www_evans  |d Available Online  |t 0  |h No information provided 
998 f f |t 0  |l Available Online